000 00815nam a22002417a 4500
003 BD-DhJNU
005 20250519103533.0
008 250519b |||||||| |||| 00| 0 eng d
020 _a9780132613736
020 _a0132613735
040 _aBD-DhJNU
_bENG
_cBD-DhJNU
_dBD-DhJNU
082 _223
_a371.201 GLB
100 _aGlickman, Carl D.
245 _aThe basic guide to supervision and instructional leadership /
_cCarl D. Glickman, Stephen P. Gordon and Jovita M. Ross-Gordon
250 _a 3rd ed.
260 _aNew York :
_bPearson Educational,
_c2013.
300 _axiv, 370p. :
_b ill . ;
_c29 cm.
504 _aIncludes bibliographical references and index
650 _aEducational Leadership Supervision
700 _aGordon, Stephen P.
700 _aRoss-Gordon, Jovita M.
942 _2ddc
_cBK
_n0
999 _c1720
_d1720